| 000 | 00688nam a22001817a 4500 | ||
|---|---|---|---|
| 999 |
_c175272 _d175272 |
||
| 005 | 20200819160737.0 | ||
| 010 | _aENG-128362 | ||
| 020 |
_c410.00 _a9789352838295 |
||
| 035 | _aEN-111894 | ||
| 037 | _bDBAD/PUB | ||
| 082 | _a004 | ||
| 100 | _aMehrotra, Dheeraj | ||
| 245 |
_aS. Chand's ICSE Computer Applications with Bluej Based Java Programming : _cby Dheeraj Mehrotra _bFor class X/ |
||
| 260 |
_aNew Delhi _bS Chand School Books _c2020 |
||
| 270 |
_aB-1/D-1 Ground Floor Mohan Co-Operative Industrial Estate Mathura Road _bNew Delhi _e110044 _k011-66672000 _minfo@schandpublishing.com |
||
| 300 |
_a406p. _c26.5cm(pbk) _bIllustrations |
||
| 942 |
_2ddc _cEN _h004 _mMEH |
||